000 00847cam a22003013a 4500
001 23962
003 PGUSA
005 20140828083518.0
008 071222s2007||||xxu|||||s|||||000 1 eng d
040 _aPGUSA
_beng
042 _adc
050 4 _aPL
100 1 _aWu, Cheng'en,
_d1500-1582
245 1 0 _a西遊記
_h[electronic resource] /
_cCheng'en Wu
260 _bProject Gutenberg,
_c2007
506 _aPublic domain in the USA.
516 _aElectronic text
653 _aLegends -- China
653 _aXuanzang, approximately 596-664 -- Fiction
653 _aChinese fiction -- Ming dynasty, 1368-1644
653 _aFolklore -- China
740 0 _a西游记
740 0 _aXi you ji
740 0 _aJourney to the West
830 0 _aProject Gutenberg
_v23962
856 4 0 _uhttp://www.gutenberg.org/ebooks/23962
942 _cEB
999 _c253217
_d253217